000 00809nam a2200253 a 4500
008 951215s1988||||[C 0 slo c
020 _c25 Kčs.
_q(7500 výtl.)
040 _aSNK
_bslo
_cSNK
_eAACR2
041 1 _aslo
_hita
044 _axo
_cSK
080 _a850-3(081)
100 1 _aMorselli, Guido
_4aut
245 1 0 _aDivertimento 1889. Dissipatio H.G
_cGuido Morselli ; Miroslava Vallová, František Hruška, Michaela Jurovská, Igor Imro
250 _a1., vyd.
260 _aBratislava
_bTatran
_c1988
_eMartin
_fTlačiarne SNP
300 _a239 s., 14,55 AH
_c21 cm
490 0 _aLUK
_vZv. 128.
500 _aText na predsádkach.
700 1 _aVallová, Miroslava
_4trl
700 1 _aHruška, František
_4trl
700 1 _aJurovská, Michaela
_4[ADC]
700 1 _aImro, Igor
_4bkd
958 _aA
999 _c12360
_d12360